000 00366nam a2200109Ia 4500
008 230907s9999||||xx |||||||||||||| ||und||
082 _a691.99
_bSCI
245 0 _aScience and technology of building seals, sealants, glazing, and waterproofing /
260 _aAmerican Society for Testing and Materials (ASTM),
_bPhiladelphia :
_c1992
300 _a323 p.
942 _cBK
999 _c600076
_d600076